000 004120000a22001690004500
003 MACL
005 20160112132739.0
008 160112b xxu||||| |||| 00| 0 eng d
040 _aMACL
_cMACL
041 _aEnglish
082 _a940/DUT
100 _aDutton, W E
_931269
245 _aA History of The Crusades
260 _bJohn Murray
_c1877
_aLondon
650 _aHistory
_931270
942 _cBK
_k940/DUT
_2ddc
999 _c37931
_d37931